03668nam a2200553Ia 45000010005000000080041000050100009000460410014000550820008000692450243000772600011003203000008003315200007003396300016003466300012003626300025003746300015003996300027004146500025004416900024004667000042004907000046005329010055005789020006006339030050006399040018006899050073007079060006007809070014007869080014008009090061008149100015008759110010008909120014009009130009009149140028009239150019009519160009009709170009009799180014009889190035010025202013010379210007030509220007030579230006030649240019030709420010030899990015030997038241029s9999 xx 000 0 und d a6659 aEspañol aN/A 0aRendimiento Deportivo y su Incidencia en el Aprendizaje de los Estudiantes del 1ro. y 2do. Grado del Nivel Secundario del Centro Educativo Nuestra Señora de Guadalupe, Distrito Educativo 16-04, municipio de Bonao, año escolar 2016-217 aDuarte a107 a73 aAprendizaje aDeporte aEducación Física aIncidencia aRedimiento académico aEducación Física aCopiado sin cambios easesora Peña Miliano, Pantaleón  eautoraDe Dios Ortega, Félix De Jesús a{"1":"De Dios Ortega"}b{"1":"Félix De Jesús"} a1 a{"1":" Peña Miliano"}b{"1":"Pantaleón "} aMaestría en aProfesionalizante en gestión de la educación fisica y el deporte a2 aNO APLICA aNO APLICA aCentro Universitario Regional del Nordeste, CURNE (UASD) aNULLbNULL a["1"] aNO APLICA aNULL a01 de Noviembre de 2017 a22/11/19 09:11 aNULL aNULL aNO APLICA a["18","332","295","209","242"] aLa presente investigación pretende analizar el rendimiento deportivo y su incidencia en el aprendizaje de los estudiantes del 1ro. y 2do. grado del Nivel Secundario del Centro Educativo Nuestra Señora de Guadalupe en el Distrito Educativo 16-04 del municipio de Bonao en el año escolar 2016-217. La investigación está dirigida a los estudiantes del 1ro. y 2do. Grado del Nivel Secundario, un total de 163 estudiantes y los docentes del centro educativo Nuestra señora de Guadalupe, los cuales suman un total de 10. Se tomó la población completa de los docentes.El rendimiento deportivo es una acción motriz, cuyas reglas fija la institución deportiva, que permite a los sujetos expresar sus potencialidades físicas y mentales. El resultado de una actividad deportiva que, especialmente dentro del deporte de competición, cristaliza en una magnitud otorgada a dicha actividad motriz según reglas previamente establecidas. La conclusión general de este estudio muestra que los estudiantes que practican las actividades deportivas contempladas en los programas de formación en las escuelas tienden a mostrar mejores cualidades como un mejor funcionamiento del cerebro; en términos cognitivos, niveles más altos de concentración de energía, cambios en el cuerpo que mejoran la autoestima, y un mejor comportamiento que incide sobre los procesos de aprendizaje. Se ha encontrado una relación positiva entre la práctica de la actividad física y el rendimiento académico que apoyan la idea de que el dedicar un tiempo sustancial a actividades físicas en la escuela, puede traer beneficios en el rendimiento académico. Se recomienda,  divulgar los resultados obtenidos a otras instituciones para qué se puedan incluir en sus programas de estudio la actividad física. Alertar a la comunidad educativa en general sobre la importancia de practicar alguna actividad física a temprana edad y así evitar en etapa adulta alguna enfermedad crónica degenerativa. a72 a72 a1 a20191115002704 cTesis c6659d6659